Khảo sát trò Xuân Phả

Khảo sát, giới thiệu hệ thống trò Xuân Phả, huyện Thọ Xuân, Thanh Hoá. Hệ thống trò có giá trị về mặt nghệ thuật diễn xướng tổng hợp; Khảo tả các trò: Trò kéo hội, chạy giải, chèo thuyền múa mạn. Nghệ thuật trò Xuân Phả....

Full description

Saved in:
Bibliographic Details
Main Author: Hoàng, Anh Nhân
Format: Book
Language:Undetermined
Published: Hà Nội Hội Nhà văn 2019
Subjects:
Tags: Add Tag
No Tags, Be the first to tag this record!
Institutions: Trung tâm Học liệu Trường Đại học Cần Thơ
LEADER 00956nam a2200193Ia 4500
001 CTU_235586
008 210402s9999 xx 000 0 und d
082 |a 394.269597 
082 |b Nh121 
100 |a Hoàng, Anh Nhân 
245 0 |a Khảo sát trò Xuân Phả 
245 0 |c Hoàng Anh Nhân (chủ biên), Phạm Minh Khang, Hoàng Hải 
260 |a Hà Nội 
260 |b Hội Nhà văn 
260 |c 2019 
520 |a Khảo sát, giới thiệu hệ thống trò Xuân Phả, huyện Thọ Xuân, Thanh Hoá. Hệ thống trò có giá trị về mặt nghệ thuật diễn xướng tổng hợp; Khảo tả các trò: Trò kéo hội, chạy giải, chèo thuyền múa mạn. Nghệ thuật trò Xuân Phả. 
650 |a Lễ hội dân gian Việt Nam,Folk festivals Vietnam 
910 |b dqhieu 
980 |a Trung tâm Học liệu Trường Đại học Cần Thơ